Анализ влияние жидкофазных огнетушащих составов на человека и окружающую среду; Неразрушающий контроль; Т. 3

Detaylı Bibliyografya
Parent link:Неразрушающий контроль: сборник трудов VI Всероссийской научно-практической конференции "Неразрушающий контроль: электронное приборостроение, технологии, безопасность", Томск, 23-27 мая 2016 г./ Национальный исследовательский Томский политехнический университет (ТПУ).— , 2016
Т. 3.— [С. 383-386]
Yazar: Шибут В. В.
Müşterek Yazar: Национальный исследовательский Томский политехнический университет (ТПУ) Институт неразрушающего контроля (ИНК) Кафедра экологии и безопасности жизнедеятельности (ЭБЖ)
Diğer Yazarlar: Романцов И. И. Игорь Иванович (научный руководитель)
Özet:Заглавие с экрана
Dil:Rusça
Baskı/Yayın Bilgisi:
Seri Bilgileri:Экология и техносферная безопасность
Konular:
Online Erişim:http://earchive.tpu.ru/handle/11683/32848
Materyal Türü: Elektronik Kitap Bölümü
KOHA link:https://koha.lib.tpu.ru/cgi-bin/koha/opac-detail.pl?biblionumber=620767

MARC

LEADER 00000naa2a2200000 4500
001 620767
005 20231101133128.0
035 |a (RuTPU)RU\TPU\conf\19289 
035 |a RU\TPU\conf\19283 
090 |a 620767 
100 |a 20161014d2016 k y0rusy50 ca 
101 0 |a rus 
102 |a RU 
105 |a y z 100zy 
135 |a drgn ---uucaa 
181 0 |a i  
182 0 |a b 
200 1 |a Анализ влияние жидкофазных огнетушащих составов на человека и окружающую среду  |f В. В. Шибут  |g науч. рук. И. И. Романцов 
203 |a Текст  |c электронный 
225 1 |a Экология и техносферная безопасность 
230 |a 1 компьютерный файл (pdf; 321 Kb) 
300 |a Заглавие с экрана 
320 |a [Библиогр.: с. 385-386 (4 назв.)] 
461 1 |0 (RuTPU)RU\TPU\conf\19000  |t Неразрушающий контроль  |o сборник трудов VI Всероссийской научно-практической конференции "Неразрушающий контроль: электронное приборостроение, технологии, безопасность", Томск, 23-27 мая 2016 г.  |o в 3 т.  |f Национальный исследовательский Томский политехнический университет (ТПУ)  |d 2016 
463 1 |0 (RuTPU)RU\TPU\conf\19003  |t Т. 3  |v [С. 383-386] 
610 1 |a труды учёных ТПУ 
610 1 |a электронный ресурс 
610 1 |a жидкофазные составы 
610 1 |a огнетушащие составы 
610 1 |a окружающая среда 
610 1 |a пожарная безопасность 
610 1 |a противопожарная защита 
610 1 |a пожары 
700 1 |a Шибут  |b В. В. 
702 1 |a Романцов  |b И. И.  |c специалист в области экологии и безопасности жизнедеятельности  |c старший преподаватель Томского политехнического университета, кандидат технических наук  |f 1967-  |g Игорь Иванович  |2 stltpush  |4 727 
712 0 2 |a Национальный исследовательский Томский политехнический университет (ТПУ)  |b Институт неразрушающего контроля (ИНК)  |b Кафедра экологии и безопасности жизнедеятельности (ЭБЖ)  |h 4850  |2 stltpush  |3 (RuTPU)RU\TPU\col\18720 
801 2 |a RU  |b 63413507  |c 20161021  |g RCR 
856 4 |u http://earchive.tpu.ru/handle/11683/32848 
942 |c BK